Normal view
MARC view
- Investigación operativa
Entry Materia
001 - NÚMERO DE CONTROL DEL REGISTRO
- campo de control: 21138
003 - IDENTIFICADOR DE NUMERO DE CONTROL
- campo de control: MX-MxUPN
005 - FECHA Y HORA DE LA ÚLTIMA TRANSACCIÓN
- campo de control: 20231109111213.0
008 - DATOS DE LONGITUD FIJA
- campo de control de longitud fija: 231109n||acnnnbabn a ana |d
035 ## - NÚMERO DE CONTROL DEL SISTEMA
- Número de control del sistema: UPN10000021147
040 ## - FUENTE DE LA CATALOGACIÓN
- Centro catalogador de origen: MX-MxUPN
- Lengua de catalogación: spa
- Agencia de transcripción: MX-MxUPN
053 #4 - NÚMERO CLASIFICADOR - BIBLIOTECA DEL CONGRESO (LC)
- Elemento numérico de la clasificación - Número único o no. inicial del rango: HD20
- Frase explicativa: Administración industrial
053 #4 - NÚMERO CLASIFICADOR - BIBLIOTECA DEL CONGRESO (LC)
- Elemento numérico de la clasificación - Número único o no. inicial del rango: T57.6
- Frase explicativa: Análisis de sistemas. Investigación operativa
150 ## - ENCABEZAMIENTO - TEMÁTICO
- Término de materia o nombre geográfico como elemento inicial: Investigación operativa
450 ## - VÉASE - MATERIA
- Encabezamiento temático: Operaciones, Investigación de
450 ## - VÉASE - MATERIA
- Encabezamiento temático: Investigación de operaciones
450 ## - VÉASE - MATERIA
- Encabezamiento temático: Investigación operacional
670 ## - FUENTE EN LA QUE SE LOCALIZARON DATOS
- Cita de la fuente: E
902 ## - CATALOGADOR
- Catalogador: CAA/120996
